000 00639cam a22002411 4500
001 sa 63001791
003 DLC
005 20260227111929.0
008 891031s1962 ii 000 0 pano
010 _asa 63001791
025 _aPL480:I-Pu-163
035 _a(OCoLC)20577590
040 _aDLC
_cWaU
_dNSyU
_dDLC
042 _apremarc
050 0 0 _aPK2659.A94
_bD5
100 1 _aSingh, Avtar,
_d1912-
245 1 0 _aDharatī de gīta,
_cAvatāra Siṅgha Dalera.
250 _a[Pahilī wāra.]
260 _aAmmritasara,
_bLoka Sāhitta Prakāshana
_c[1962]
300 _a152 p.
_c19 cm.
500 _aIn Panjabi.
500 _aPoems.
999 _c54144
_d54144